Esio Trot / (Record no. 8173)

MARC details
000 -LEADER
fixed length control field 01238pam a2200409 a 4500
001 - CONTROL NUMBER
control field 8173
003 - CONTROL NUMBER IDENTIFIER
control field FISKH
005 - DATE AND TIME OF LATEST TRANSACTION
control field 20250901101745.0
008 - FIXED-LENGTH DATA ELEMENTS--GENERAL INFORMATION
fixed length control field 900216s1990 nyua j 000 1 eng
010 ## - LIBRARY OF CONGRESS CONTROL NUMBER
LC control number 90032989
020 ## - INTERNATIONAL STANDARD BOOK NUMBER
International Standard Book Number 0670834513 :
020 ## - INTERNATIONAL STANDARD BOOK NUMBER
International Standard Book Number 9780439177061
020 ## - INTERNATIONAL STANDARD BOOK NUMBER
International Standard Book Number 9780670834518
035 ## - SYSTEM CONTROL NUMBER
System control number 1997969
040 ## - CATALOGING SOURCE
Original cataloging agency DLC
Transcribing agency DLC
Modifying agency DLC
Language of cataloging eng
042 ## - AUTHENTICATION CODE
Authentication code lcac
050 00 - LIBRARY OF CONGRESS CALL NUMBER
Classification number PZ7.D1515
Item number Es 1990
082 ## - DEWEY DECIMAL CLASSIFICATION NUMBER
Classification number 823.914
100 1# - MAIN ENTRY--PERSONAL NAME
Personal name Dahl, Roald.
245 10 - TITLE STATEMENT
Title Esio Trot /
Statement of responsibility, etc. Roald Dahl ; illustrations by Quentin Blake.
250 ## - EDITION STATEMENT
Edition statement This edition puublished in 2000
260 ## - PUBLICATION, DISTRIBUTION, ETC.
Place of publication, distribution, etc. New York :
Name of publisher, distributor, etc. Viking,
Date of publication, distribution, etc. 1990.
300 ## - PHYSICAL DESCRIPTION
Extent 62 pages :
Other physical details illustrations ;
Dimensions 20 cm
336 ## - CONTENT TYPE
Content type term text
Content type code txt
Source rdacontent
337 ## - MEDIA TYPE
Media type term unmediated
Media type code n
Source rdamedia
338 ## - CARRIER TYPE
Carrier type term volume
Carrier type code nc
Source rdacarrier
505 ## - FORMATTED CONTENTS NOTE
Formatted contents note R<br/>
520 ## - SUMMARY, ETC.
Summary, etc. Shy Mr. Hoppy devises a plan to win the heart of his true love by teaching her a spell to make her tortoise grow bigger.
521 8# - TARGET AUDIENCE NOTE
Target audience note 660<br/>
Source Lexile estimate<br/>
521 8# - TARGET AUDIENCE NOTE
Target audience note R<br/>
Source Raz-Plus<br/>
650 #1 - SUBJECT ADDED ENTRY--TOPICAL TERM
Topical term or geographic name entry element Turtles
General subdivision Fiction.
650 #1 - SUBJECT ADDED ENTRY--TOPICAL TERM
Topical term or geographic name entry element Size
General subdivision Fiction.
700 1# - ADDED ENTRY--PERSONAL NAME
Personal name Blake, Quentin,
Relator term illustrator
906 ## - LOCAL DATA ELEMENT F, LDF (RLIN)
a 7
b cbc
c orignew
d 1
e ocip
f 19
g y-gencatlg
942 ## - ADDED ENTRY ELEMENTS (KOHA)
Source of classification or shelving scheme Dewey Decimal Classification
Koha item type Books
Suppress in OPAC No
Holdings
Withdrawn status Lost status Source of classification or shelving scheme Damaged status Not for loan Collection Home library Current library Shelving location Date acquired Total Checkouts Full call number Barcode Date last seen Date last checked out Copy number Price effective from Koha item type
    Dewey Decimal Classification     Juvenile Fiction Footprints International School Library Network Toul Kork Campus Footprints International School Library Network Toul Kork Campus TK Primary Library Room(4th Floor), Bookcase 5&6, Shelves 33-56, Orange Books 09/01/2025 1 DAH 823.914 PZ7.D1515 E FISTK00032 04/03/2026 03/20/2026 1 09/01/2025 Books